000 00223nam a2200097Ia 4500
008 120527s9999 xx 000 0 und d
100 _aCornell,G.
245 _aMicroelectronic system F1.
260 _bS.Thomas.
942 _cBK
999 _c22509
_d22509